000 00334nam a22001457a 4500
008 231101b ||||| |||| 00| 0 eng d
020 _a3540576835
041 _aeng
080 _a101
082 _a101RUD
100 _a44
101 _aFILOZO
245 _aPHILOSOPHY MATHEMATICS AND MODERN PHYSICS
_cRUDOLPH .E
942 _2udc
_cBK
999 _c60472
_d60472